000 01655 a2200301 4500
003 Nust
005 20221006124843.0
010 _a 2005923524
020 _a1852339756 (hbk.)
020 _a9781852339753
035 _a(OCoLC)ocm58455037
040 _cNust
082 0 4 _a629.13,KON
100 1 _aKonar, Amit.
_982062
245 1 0 _aCognitive engineering :
_ba distributed approach to machine intelligence /
_cAmit Konar and Lakhmi Jain ; foreword by Witold Pedrycz.
260 _aLondon :
_bSpringer,
_cc2005.
300 _axviii, 353 p. :
_bill. ;
_c25 cm.
440 0 _aAdvanced information and knowledge processing
_921651
505 _aThe Psychological Basics of Cognitive Modeling (Page-1), Parallel and Distributed Logic Programming (Page-39), Distributed Reasoning (Page-85), Belief Propagation and Belief Revision Models in Fuzzy (Page-123), Building Expert Systems Using Fuzzy Petri Nets (Page-153), Distributed Learning (Page-181), Unspervised Learning (Page-205), Supervised Learning (Page-233), Distributed Modeling of Abduction, Reciprocity (Page-257), Human Mood Detection and Control (Page-297), Distributed Planning and Multi-agent Coordination of Robots (Page-331).
650 0 _aCognitive psychology.
650 0 _aDistributed artificial intelligence.
_982051
650 0 _aFuzzy Petri nets.
_999284
650 0 _aNeural networks (Neurobiology)
_xMathematical models.
_999285
700 1 _aJain, L. C.
_982029
856 4 1 _3Publisher description
_uhttp://www.loc.gov/catdir/enhancements/fy0662/2005923524-d.html
856 4 1 _3Table of contents only
_uhttp://www.loc.gov/catdir/toc/fy0609/2005923524.html
942 _cREF
_2ddc
999 _c178725
_d178725